00374nam a2200157Ia 45000010006000000050017000060080041000230410008000640820017000721000020000892450050001092600009001593000034001686500006002026540008002082297120260414150906.0260414t1997||||xx |||||||||||||| ||spa|| aESP a624.171bP33 aPaz, MarioeAUT 0aStructural dynamics :btheory and computation c1997 axxii, 824 páginas :c24 cm. a0 aCIC